PODNIKATEĽSKÝ POTENCIÁL ŠTUDENTOV MATERIÁLOVOTECHNOLOGICKEJ FAKULTY

Bibliographic Details
Main Author: Krpálková Krelová, Katarína, 1975- (Author)
Format: Article
Language:Slovak

MARC

LEADER 00000nab a2200000 a 4500
001 vtls011110995
003 SK-MaSNL
005 20260303150429.0
008 230222|2008 xo |||||||||||||||||slo|
015 |a SNBRB 
035 |a (uuid)8628a467-8781-4bbf-8f80-397d6dededac 
035 |a (urnnbn)urn:nbn:sk:snk:ar-a08f1w 
035 |a urn:nbn:sk:snk-ab9hp1 
040 |a SNKBUCL  |b slo  |c SNKBUCL  |e AACR2 
041 0 |a slo 
044 |a xo  |c SK 
100 1 |a Krpálková Krelová, Katarína,  |d 1975-  |4 aut  |9 220292 
245 1 0 |a PODNIKATEĽSKÝ POTENCIÁL ŠTUDENTOV MATERIÁLOVOTECHNOLOGICKEJ FAKULTY  |c Katarína Krpálková Krelová 
246 3 |a THE ENTREPRENEURIAL RATIO THE STUDENTS OF FACULTY OF MATERIALS SCIENCE AND TECHNOLOGY 
773 0 |t Vedecké práce Materiálovotechnologickej fakulty Slovenskej technickej univerzity v Bratislave so sídlom v Trnave  |g Č. 24 (2008), s. 91-96 
954 |a odborná, vedecká literatúra pôvodná (slovenská)  |2 lita 
958 |a OND 
958 |a EUIPO 
958 |a article13 
999 |c 2010562  |d 2012492